000 00424pab a2200169 454500
008 180718b2007 xxu||||| |||| 00| 0 eng d
100 _aSengar, R.S. et al.
245 _aNanotechnology in the development of agriculture: issues on the horizon
260 _c2007
300 _ap.43-47.
362 _aJul
650 _aAgriculture
650 _aNanotechnology
773 _aKurukshetra
908 _aN
909 _a75421
999 _c75421
_d75421